Vplyv polychlórovaných bifenylov a ich degradačných produktov na bakteriálnu bunku

Salvato in:
Dettagli Bibliografici
Autore principale: Lászlová, Katarína
Natura: Software Libro
Lingua:slovacco
Pubblicazione: Bratislava STU FCHPT 2011
Accesso online:Visualizza in OPAC
Tags: Aggiungi Tag
Nessun Tag, puoi essere il primo ad aggiungerne!!

MARC

LEADER 00000nam a2200000 a 4500
005 20260127134016.0
007 co ugu macba
008 110921 2011 xo 000 0 slo d
035 |a vtls010312276 
039 9 |y 201109210902  |z mschk03 
040 |a STUSCHK1  |b slo  |c STUSCHK1  |e AACR2 
100 1 |a Lászlová, Katarína 
245 1 |a Vplyv polychlórovaných bifenylov a ich degradačných produktov na bakteriálnu bunku  |c Katarína Lászlová 
260 |a Bratislava  |b STU FCHPT  |c 2011 
300 |a 1 elektronický disk 
500 |a Obháj.: 11.7. 2011 
500 |a Študijný program: biotechnológie 
500 |a Študijný odbor: 5.2.25 biotechnológie 
500 |a Bakalárska práca na CD-ROMe 
500 |a FCHPT, Oddelenie biochemickej technológie 
500 |a Evidenčné číslo: 5419-58267 
910 |a SCHK95 
999 |c 2009  |d 2009